|
|
|
|
| LEADER |
00817naa a2200301 a 4500 |
| 001 |
000000826 |
| 003 |
SVKKK |
| 005 |
20070226134140.0 |
| 008 |
030616c1850 pl e gero |
| FMT |
|
|
|
| 038 |
|
|
|a SVKKK
|
| 040 |
|
|
|a SVKKK
|b slo
|e AACR2
|
| 041 |
0 |
|
|a ger
|
| 044 |
|
|
|a pl
|
| 080 |
|
|
|a 553.7(091)
|2 1981
|
| 080 |
|
|
|a 553.7.031.1(Bardejovské Kúpele)
|2 1981
|
| 100 |
1 |
|
|a Dietl, J.
|4 aut
|
| 242 |
1 |
0 |
|a Bardejovské liečivé pramene v Uhorsku
|
| 245 |
1 |
0 |
|a Die Heilquellen von Bartfeld in Ungarn /
|c Dietl J.
|
| 260 |
|
|
|a Krakow :
|b [s.n.],
|c 1850
|
| 300 |
|
|
|a Nestr.
|
| 650 |
0 |
4 |
|a pramene minerálne
|x zloženie
|x charakteristika
|z Bardejov (Slovensko)
|x dejiny
|x monografie
|
| 957 |
|
|
|a Bardejovské Kúpele
|
| 974 |
|
|
|d 960403
|a Čr
|
| 992 |
|
|
|a AJP
|
| BAS |
|
|
|
| 852 |
|
|
|a SVKKK
|b BIB
|
| 998 |
|
|
|a GEO
|